Tekst piosenki ''Kwiaty we włosach'' - Statystyki

Ogólne statystyki
  • Ten quiz został rozwiązany 145 razy
  • Średni wynik to 12 z 16
Statystyki odpowiedzi
Tekst: Brakujące Słowa: % Poprawnych
Po co więc wracasz do tamtych ...? Lat
100%
Kwiaty we włosach ... wiatr Potargał
97%
Kwiaty we włosach ... wiatr Potargał
97%
Kwiaty we włosach ... wiatr Potargał
97%
I dzisiaj Ty, i dzisiaj ... Ja
95%
Bo dzisiaj Ty, bo dzisiaj ... Ja
95%
Nie powiem: „...”, nie powiem: „Nie” Tak
90%
Choć przejdziesz świat i ... i wzdłuż Wszerz
86%
Więc choć z ... wołasz mnie Daleka
73%
Nie wraca ... Nic
67%
To drogi dwie i ... dwa Szczęścia
65%
To drogi dwie i ... dwa Szczęścia
65%
Zgubionych dni nie ... już Znajdziesz
61%
Bez ... czasem łatwiej żyć Wspomnień
53%
Wyrzuć z pamięci ostatni ... Ślad
50%
Dawno zmieniłaś swych marzeń ... Kształt
42%
Nie znaleziono quizów pasujących do podanych kryteriów
Rozkład punktacji
Procent ludzi z każdym wynikiem
Percentyl według liczby udzielonych odpowiedzi
Twoja historia wyników
Nie rozwiązałeś tego quizu